The 3rd and 4th Century - Statistics

General Stats
  • This quiz has been taken 27,112 times
    26,899 since last reset
  • The average score is 12 of 20
Answer Stats
Year Description Answer % Correct
393 These athletic contests are abolished. They would be restored again in 1896. Olympic Games
96%
391 One of several times that the library in this city was destroyed or vandalized Alexandria
92%
391 Theodosius I makes this the state religion of the Roman Empire Christianity
92%
367 Roman garrisons on this wall rebel, allowing Picts to invade and overrun northern England {Hadrian}'s Wall
89%
394 The last known occurrence of this style of Egyptian writing Hieroglyphics
86%
c. 320 The beginning of the Gupta dynasty in this modern-day country India
86%
330 This city becomes the new capital of the Roman Empire Constantinople
84%
c. 370 These Asiatic steppe warriors arrive in Europe Huns
71%
283 The Romans briefly capture the Persian capital of Ctesiphon, located on this river Tigris
66%
c. 250 The beginning of this Mesoamerican society's Classical Period Mayan
62%
301 Supposed date for the founding of this country on Mount Titano, making it the world's oldest republic in continuous existence San Marino
60%
262 Goths damage or destroy this Ancient Wonder of the World (hint: a goddess) Temple of {Artemis}
58%
286 This city, then known as Mediolanum, is made the capital of the Western Roman Empire Milan
50%
220 This dynasty comes to an end in China Han
47%
397–400 This philosopher and theologian writes his "Confessions" Saint {Augustine}
46%
325 This statement of Christian belief is adopted at the First Council of Nicaea Nicene {Creed}
42%
220–280 This period of Chinese history occurs Three {Kingdom}s
40%
235–284 The Roman Empire experiences this chaotic era The {Crisis} of the Third Century
22%
284–305 This emperor stabilizes the Roman Empire but also makes it much more bureaucratic and autocratic Diocletian
19%
274 or 277 This prophet dies in Iran. He created a religion in which the world is a battle between good and evil. Mani
11%
No matching quizzes found
Score Distribution
Percent of People with Each Score
Percentile by Number Answered
Your Score History
You have not taken this quiz since the last reset